[Event "FRA T I 120102011"]
[Site "FRA"]
[Date "2010.12.11"]
[Round "4.5"]
[White "Peray, Sebastien"]
[Black "Hamdouchi, Adina Maria"]
[Result "0-1"]
[WhiteElo "2235"]
[BlackElo "2318"]
[PlyCount "148"]
[EventDate "2010.10.17"]
[EventType "team-match"]
[EventRounds "9"]
[EventCountry "FRA"]
[Source "FFE"]
[SourceDate "2010.10.29"]

1. e4 d6 2. d4 Nf6 3. Nc3 g6 4. Be3 c6 5. f3 Nbd7 6. Qd2 b5 7. d5 b4 8. dxc6
bxc3 9. cxd7+ Bxd7 10. Qxc3 Bg7 11. Qd2 Qc7 12. c4 Rb8 13. Rc1 a5 14. Ne2 Qb7
15. Rc2 O-O 16. Nc3 Be6 17. Bd3 Nd7 18. f4 Qb4 19. Nb5 Nc5 20. Bxc5 Qxc5 21.
Qf2 Qb4+ 22. Qd2 Qc5 23. Qf2 Qxf2+ 24. Kxf2 f5 25. exf5 Bxf5 26. Bxf5 Rxf5 27.
Ke3 Rbf8 28. g3 g5 29. Nd4 gxf4+ 30. gxf4 Bxd4+ 31. Kxd4 Rxf4+ 32. Kd5 Rc8 33.
Ke6 Rc7 34. Rg1+ Kf8 35. Rcg2 Rf6+ 36. Kd5 Rc5+ 37. Kd4 Rf4+ 38. Kd3 Rcxc4 39.
Rg8+ Kf7 40. R8g7+ Kf6 41. Rxh7 Rcd4+ 42. Kc3 e5 43. Rh6+ Kf5 44. Rh5+ Ke6 45.
Rg6+ Kd5 46. Rg3 Rc4+ 47. Kb3 Rb4+ 48. Ka3 Ra4+ 49. Kb3 Rfb4+ 50. Kc2 Rxa2 51.
Rd3+ Kc5 52. Rc3+ Kb5 53. Rb3 Rxb3 54. Kxb3 Ra1 55. Kc3 Kc5 56. h4 Rh1 57. Rh8
Rh3+ 58. Kc2 Rh2+ 59. Kc3 Rh3+ 60. Kc2 Kd4 61. h5 e4 62. h6 e3 63. h7 Rh2+ 64.
Kb3 e2 65. Rc8 Kd3 66. Rd8 e1=Q 67. Rxd6+ Ke2 68. Re6+ Kd2 69. Rxe1 Kxe1 70.
Ka4 Rxh7 71. Kxa5 Kd2 72. b4 Kc3 73. b5 Kc4 74. b6 Kc5 0-1

[Event "FRA T I 120102011"]
[Site "FRA"]
[Date "2010.11.14"]
[Round "3.8"]
[White "Richard, Emma"]
[Black "Langevin, Philippe"]
[Result "1/2-1/2"]
[WhiteElo "2090"]
[BlackElo "2125"]
[PlyCount "130"]
[EventDate "2010.10.17"]
[EventType "team-match"]
[EventRounds "9"]
[EventCountry "FRA"]
[Source "FFE"]
[SourceDate "2010.10.29"]

1. e4 c5 2. Nf3 d6 3. Bb5+ Bd7 4. Bxd7+ Qxd7 5. O-O Nc6 6. c3 Nf6 7. Qe2 g5 8.
Nxg5 Rg8 9. f4 h6 10. Nf3 Qg4 11. d3 O-O-O 12. Qc2 c4 13. Ne1 cxd3 14. Qxd3 Qg6
15. Nd2 d5 16. Qh3+ Qg4 17. Qxg4+ Nxg4 18. exd5 Rxd5 19. Nc2 e5 20. Nb3 Na5 21.
fxe5 Nxb3 22. axb3 Bc5+ 23. Nd4 Rxe5 24. h3 Ne3 25. Bxe3 Rxe3 26. Rxf7 Rxh3 27.
b4 Bb6 28. Rd1 Rhg3 29. Rf2 R3g4 30. Kf1 h5 31. Nf5 Kc7 32. Nh6 Bxf2 33. Nxg4
Bg3 34. Nf2 Rf8 35. Rd2 h4 36. Kg1 Bf4 37. Re2 Rd8 38. Ne4 Rf8 39. Nc5 Rf7 40.
Ne6+ Kd7 41. Nxf4 Rxf4 42. Kh2 Kc6 43. Kh3 b6 44. b3 a5 45. bxa5 bxa5 46. Re6+
Kc5 47. Re5+ Kb6 48. Re2 Kc5 49. Ra2 Kb5 50. c4+ Kb6 51. Ra4 Rd4 52. c5+ Kxc5
53. Rxa5+ Kd6 54. Rb5 Kc6 55. Rg5 Rb4 56. Rg4 Rxb3+ 57. Kxh4 Kd5 58. Rg6 Ke5
59. g4 Rb8 60. Kg5 Rh8 61. Rg7 Ke6 62. Kg6 Rh1 63. g5 Rg1 64. Kh7 Rh1+ 65. Kg8
Rh5 1/2-1/2

[Event "FRA T I 120102011"]
[Site "FRA"]
[Date "2010.11.13"]
[Round "2.6"]
[White "Lamard, Guillaume"]
[Black "Lacour, Serge"]
[Result "1/2-1/2"]
[WhiteElo "2152"]
[BlackElo "2196"]
[PlyCount "128"]
[EventDate "2010.10.17"]
[EventType "team-match"]
[EventRounds "9"]
[EventCountry "FRA"]
[Source "FFE"]
[SourceDate "2010.10.29"]

1. g3 c5 2. Bg2 Nc6 3. e4 d6 4. Ne2 g6 5. O-O Bg7 6. c3 e5 7. d3 Nge7 8. Be3
O-O 9. d4 exd4 10. cxd4 cxd4 11. Nxd4 d5 12. Nc3 dxe4 13. Nxc6 Nxc6 14. Bxe4
Bh3 15. Re1 Qa5 16. Qd5 Qxd5 17. Bxd5 Nd4 18. Rac1 Rad8 19. Bxd4 Bxd4 20. Rcd1
Bxc3 21. bxc3 Rd7 22. c4 Rc7 23. Rb1 b6 24. Re3 Rd8 25. f3 Bc8 26. Rbe1 Bb7 27.
Re8+ Rxe8 28. Rxe8+ Kg7 29. Bxb7 Rxb7 30. Rc8 Rd7 31. c5 bxc5 32. Rxc5 Rd1+ 33.
Kf2 Rd2+ 34. Ke3 Rxa2 35. h4 a5 36. Rc7 Rg2 37. Kf4 Rb2 38. Ra7 Rb4+ 39. Ke3 a4
40. Kf2 Rb2+ 41. Ke3 Rb3+ 42. Kf4 a3 43. Ra6 Kf8 44. Ra7 Ke8 45. Ke4 Kd8 46. g4
Kc8 47. h5 Kb8 48. Ra4 Kb7 49. f4 Kb6 50. Ke5 Rb5+ 51. Kf6 Ra5 52. Rb4+ Kc5 53.
Rb1 a2 54. Ra1 gxh5 55. gxh5 Kd4 56. h6 Ke4 57. f5 Rxf5+ 58. Kg7 Ra5 59. Kxh7
f5 60. Kg7 Ra7+ 61. Kg6 f4 62. h7 Rxh7 63. Kxh7 f3 64. Rxa2 Ke3 1/2-1/2

[Event "FRA T I 120102011"]
[Site "FRA"]
[Date "2010.12.11"]
[Round "4.6"]
[White "Lamard, Guillaume"]
[Black "Poignot, Quentin"]
[Result "1-0"]
[WhiteElo "2152"]
[BlackElo "2117"]
[PlyCount "125"]
[EventDate "2010.10.17"]
[EventType "team-match"]
[EventRounds "9"]
[EventCountry "FRA"]
[Source "FFE"]
[SourceDate "2010.10.29"]

1. d4 d5 2. Nf3 Nf6 3. c4 c6 4. Qc2 dxc4 5. Qxc4 Bf5 6. g3 e6 7. Bg2 Nbd7 8.
O-O Be7 9. e3 O-O 10. Qe2 c5 11. Nc3 Ne4 12. Rd1 Qb6 13. Ne1 Ndf6 14. dxc5 Nxc5
15. h3 Nce4 16. Nxe4 Bxe4 17. b3 Bxg2 18. Kxg2 Nd5 19. Bb2 Bf6 20. Bxf6 Nxf6
21. Nf3 Rfd8 22. Rac1 Rxd1 23. Qxd1 Rd8 24. Qc2 g6 25. Qc7 Qxc7 26. Rxc7 Rd7
27. Rc8+ Kg7 28. Ne5 Rd5 29. Nc4 Rd7 30. Na5 Nd5 31. Ra8 a6 32. Ra7 Nc3 33. a3
Rd5 34. b4 Nb5 35. Rxb7 Nxa3 36. Nc6 Nc2 37. Ra7 Rb5 38. Nd8 Nxb4 39. Nxe6+ Kf6
40. Nd8 a5 41. Rxf7+ Ke5 42. Rxh7 Rb8 43. Nb7 a4 44. Nc5 Ra8 45. Rh4 Kd5 46.
Nd7 a3 47. Rxb4 a2 48. Rd4+ Kc6 49. Ne5+ Kc7 50. Rd7+ Kc8 51. Rd1 a1=Q 52. Rxa1
Rxa1 53. Nxg6 Kd7 54. g4 Ke6 55. Nh4 Kf6 56. Nf5 Kg5 57. Kf3 Ra4 58. h4+ Kg6
59. e4 Ra2 60. Kg3 Rb2 61. f3 Ra2 62. Kf4 Ra3 63. h5+ 1-0

[Event "FRA T I 120102011"]
[Site "FRA"]
[Date "2010.12.11"]
[Round "4.8"]
[White "Attal, Maxence"]
[Black "Chebance, Benoit"]
[Result "1-0"]
[WhiteElo "1710"]
[BlackElo "2018"]
[PlyCount "123"]
[EventDate "2010.10.17"]
[EventType "team-match"]
[EventRounds "9"]
[EventCountry "FRA"]
[Source "FFE"]
[SourceDate "2010.10.29"]

1. d4 Nf6 2. Nf3 d6 3. c4 g6 4. Nc3 Bg7 5. e4 O-O 6. Be2 e5 7. O-O Nc6 8. d5
Ne7 9. b4 a5 10. bxa5 Rxa5 11. Qb3 b6 12. Bd2 Ra8 13. a4 Nd7 14. Qb4 Nc5 15.
Ne1 f5 16. f3 f4 17. Nd3 Nxd3 18. Bxd3 g5 19. a5 bxa5 20. Rxa5 c5 21. dxc6 Nxc6
22. Qb5 Nxa5 23. Qd5+ Be6 24. Qxe6+ Kh8 25. Rb1 Rb8 26. Rxb8 Qxb8 27. Nb5 Nb7
28. Bf1 Qd8 29. Be1 Bf6 30. Qd5 Qd7 31. c5 Nxc5 32. Nxd6 Ne6 33. Bc4 Qa7+ 34.
Kf1 Nc7 35. Qc6 g4 36. fxg4 f3 37. gxf3 Qe3 38. Be2 Bd8 39. Nf5 Qa3 40. Bc3
Qc1+ 41. Kg2 Qf4 42. Qd7 Rg8 43. Bc4 Rxg4+ 44. fxg4 Qxe4+ 45. Kh3 Qf3+ 46. Ng3
Qf6 47. Qf5 Qh6+ 48. Kg2 Qc6+ 49. Qe4 Qxe4+ 50. Nxe4 Kg7 51. Bxe5+ Kg6 52. h4
h5 53. g5 Ne8 54. Nd6 Nxd6 55. Bxd6 Kf5 56. Kg3 Kg6 57. Kf4 Ba5 58. Bd3+ Kg7
59. Be5+ Kg8 60. g6 Bd8 61. g7 Bc7 62. Bc4+ 1-0

[Event "FRA T I 120102011"]
[Site "FRA"]
[Date "2010.12.11"]
[Round "4.2"]
[White "Fargere, Francois"]
[Black "Lerch, Patrice"]
[Result "1-0"]
[WhiteElo "2506"]
[BlackElo "2369"]
[PlyCount "123"]
[EventDate "2010.10.17"]
[EventType "team-match"]
[EventRounds "9"]
[EventCountry "FRA"]
[Source "FFE"]
[SourceDate "2010.10.29"]

1. e4 c5 2. Nf3 Nc6 3. Bb5 e6 4. O-O Nge7 5. Nc3 a6 6. Bxc6 Nxc6 7. d4 cxd4 8.
Nxd4 d6 9. Re1 Be7 10. Nxc6 bxc6 11. Qg4 Kf8 12. b3 Qa5 13. Bb2 h5 14. Qf3 e5
15. Na4 Rh6 16. c4 Rg6 17. Qxh5 Kg8 18. h3 Qc7 19. c5 Rg5 20. cxd6 Qxd6 21. Qf3
Be6 22. Rac1 Re8 23. Qc3 c5 24. Kh2 c4 25. bxc4 Qc6 26. Qc2 Rd8 27. a3 Rh5 28.
Qe2 Rh4 29. Nc3 Bxc4 30. Nd5 Qxd5 31. Rxc4 Qe6 32. Ra4 Rh6 33. Ra5 Bg5 34. Bc1
Bxc1 35. Rxc1 Rd4 36. Rcc5 Qd6 37. Rc8+ Kh7 38. Ra8 Rd2 39. Qf3 Qf6 40. R8xa6
Qxa6 41. Rxa6 Rxa6 42. Qf5+ Rg6 43. Qxf7 Rdd6 44. Qf5 Rdf6 45. Qh5+ Rh6 46. Qe2
Ra6 47. Qb5 Rhe6 48. Qd7 Rf6 49. Qe7 Rae6 50. Qc5 Rc6 51. Qe3 Rc2 52. Kg1 Rb2
53. g3 Rb1+ 54. Kg2 Rb2 55. h4 Rc2 56. a4 Kh8 57. a5 Kh7 58. h5 Kh8 59. g4 Ra2
60. Qc5 Rb2 61. a6 Rxa6 62. Qc8+ 1-0

[Event "FRA T I 120102011"]
[Site "FRA"]
[Date "2010.12.11"]
[Round "4.6"]
[White "Karim, Ismael"]
[Black "Monsieux, Cyril"]
[Result "1/2-1/2"]
[WhiteElo "2363"]
[BlackElo "2297"]
[PlyCount "122"]
[EventDate "2010.10.17"]
[EventType "team-match"]
[EventRounds "9"]
[EventCountry "FRA"]
[Source "FFE"]
[SourceDate "2010.10.29"]

1. e4 g6 2. d4 Bg7 3. Nf3 d6 4. Be2 Nf6 5. Nc3 O-O 6. O-O c6 7. a4 Qc7 8. Be3
e5 9. dxe5 dxe5 10. Nd2 Rd8 11. h3 Nbd7 12. a5 Nf8 13. b4 Ne6 14. Qb1 Bf8 15.
Na4 c5 16. b5 Qxa5 17. Nxc5 Qc3 18. Na4 Qb4 19. Qxb4 Bxb4 20. c3 Bc5 21. Nxc5
Nxc5 22. Bxc5 Rxd2 23. Bf3 Bd7 24. c4 Be6 25. Rfc1 a6 26. Bb4 Rd4 27. bxa6 bxa6
28. Bc3 Rxc4 29. Bxe5 Rxc1+ 30. Rxc1 Nd7 31. Bd4 Rb8 32. Ra1 Bc4 33. Rc1 Be6
34. Ra1 Bc4 35. Bg4 Nf8 36. f4 Bd3 37. e5 h5 38. Bf3 Ne6 39. Be3 Rb4 40. Rd1
Be4 41. Be2 a5 42. Bf1 a4 43. Ra1 Rb1 44. Ra3 Bc6 45. Kf2 Rb2+ 46. Ke1 h4 47.
Bd3 Rxg2 48. f5 gxf5 49. Bxf5 Rb2 50. Rc3 Bb7 51. Rd3 Rb5 52. Kd2 Rc5 53. Bg4
Rd5 54. Rxd5 Bxd5 55. Bf2 a3 56. Bxe6 a2 57. Bxf7+ Kxf7 58. Bd4 Be6 59. Kc1
Bxh3 60. Kb2 Ke6 61. Bf2 Bg4 1/2-1/2

[Event "FRA T I 120102011"]
[Site "FRA"]
[Date "2010.12.11"]
[Round "4.2"]
[White "Flear, Glenn C"]
[Black "Ninov, Nikolai"]
[Result "1/2-1/2"]
[WhiteElo "2495"]
[BlackElo "2533"]
[PlyCount "119"]
[EventDate "2010.10.17"]
[EventType "team-match"]
[EventRounds "9"]
[EventCountry "FRA"]
[Source "FFE"]
[SourceDate "2010.10.29"]

1. d4 d5 2. c4 e6 3. Nc3 c6 4. e3 Nf6 5. Nf3 Nbd7 6. Bd3 dxc4 7. Bxc4 b5 8. Be2
Bb7 9. O-O Be7 10. e4 b4 11. e5 bxc3 12. exf6 Bxf6 13. bxc3 c5 14. dxc5 Nxc5
15. Bb5+ Kf8 16. Ba3 Be7 17. Ne5 Qc7 18. Qh5 g6 19. Qh6+ Kg8 20. Nd7 Nxd7 21.
Bxe7 Re8 22. Bh4 Bc6 23. Bxc6 Qxc6 24. Rad1 f5 25. Rd2 Kf7 26. Rfd1 Nb6 27. Rd6
Qc7 28. c4 Nd5 29. Bg3 Nf6 30. Be5 Qc5 31. Bxf6 Kxf6 32. Qh4+ Kf7 33. Rd7+ Re7
34. R1d6 Rhe8 35. Qxh7+ Kf6 36. Qh4+ Kf7 37. h3 Qe5 38. Qh7+ Qg7 39. Qxg7+ Kxg7
40. c5 Kf6 41. c6 Rc8 42. Rxe7 Kxe7 43. Rd7+ Ke8 44. Rxa7 Rxc6 45. Kh2 e5 46.
f3 Kf8 47. h4 Rc2 48. Kg3 e4 49. fxe4 fxe4 50. a4 e3 51. a5 e2 52. Kf2 e1=Q+
53. Kxe1 Rxg2 54. Kd1 Ra2 55. Kc1 Ke8 56. Kb1 Ra4 57. Kb2 Kd8 58. Kb3 Rxh4 59.
Rg7 Kc8 60. Rxg6 1/2-1/2

[Event "FRA T I 120102011"]
[Site "FRA"]
[Date "2010.11.14"]
[Round "3.5"]
[White "Perez, Flavio"]
[Black "Flear, Christine"]
[Result "0-1"]
[WhiteElo "2260"]
[BlackElo "2149"]
[PlyCount "120"]
[EventDate "2010.10.17"]
[EventType "team-match"]
[EventRounds "9"]
[EventCountry "FRA"]
[Source "FFE"]
[SourceDate "2010.10.29"]

1. e4 c5 2. Nc3 a6 3. g3 b5 4. Bg2 Bb7 5. d3 e6 6. f4 b4 7. Nce2 d5 8. e5 Nc6
9. Nf3 h5 10. O-O Nh6 11. Be3 Ng4 12. Bf2 Nxf2 13. Rxf2 Ne7 14. c3 Qb6 15. d4
Nf5 16. Nc1 Rc8 17. Bh3 g6 18. Bxf5 gxf5 19. Nd3 a5 20. a3 b3 21. dxc5 Bxc5 22.
Nxc5 Rxc5 23. Nd4 a4 24. h3 Ba6 25. Kh2 Ke7 26. Qf3 Bc4 27. Re1 Rh6 28. Rg2 Qa6
29. Rd2 Rc8 30. Rg1 Rg8 31. Qe3 Qb6 32. Qf3 Qa6 33. Qe3 Qb6 34. Qf3 Qa6 35.
Rgg2 Qb6 36. Kg1 Ke8 37. Kf2 Qa6 38. Rd1 Rh7 39. Ke3 Rhg7 40. Kd2 Rh7 41. Ke3
Rh6 42. Kd2 Rh7 43. Rdg1 Rgh8 44. Rf2 Rg8 45. Qe3 Rhg7 46. Rfg2 Bf1 47. Rf2
Bxh3 48. Rh2 Bg4 49. Nf3 Bxf3 50. Qxf3 Qc4 51. Rxh5 Rg4 52. Qe3 Qe4 53. Qxe4
fxe4 54. Ke3 Rxg3+ 55. Rxg3 Rxg3+ 56. Kd4 Rf3 57. Rh8+ Ke7 58. Ra8 Rd3+ 59. Kc5
e3 60. f5 exf5 0-1

[Event "FRA T I 120102011"]
[Site "FRA"]
[Date "2010.11.13"]
[Round "2.3"]
[White "Renaze, Luc"]
[Black "Ludwig, Remi"]
[Result "0-1"]
[WhiteElo "2295"]
[BlackElo "2243"]
[PlyCount "118"]
[EventDate "2010.10.17"]
[EventType "team-match"]
[EventRounds "9"]
[EventCountry "FRA"]
[Source "FFE"]
[SourceDate "2010.10.29"]

1. d4 Nf6 2. c4 c5 3. d5 e6 4. Nc3 exd5 5. cxd5 d6 6. Nf3 g6 7. Nd2 a6 8. a4
Nbd7 9. g3 Bg7 10. Bg2 O-O 11. O-O Rb8 12. Nc4 Nb6 13. Na3 Qe7 14. e4 Nh5 15.
Re1 Nd7 16. f4 Re8 17. Be3 Qf8 18. Bf3 Nhf6 19. g4 h6 20. Rc1 Nh7 21. Rc2 g5
22. h4 gxf4 23. Bxf4 Ne5 24. Rg2 Qe7 25. Bg3 Bd7 26. Be2 Nf6 27. Bf4 Ng6 28.
Bg3 Nxe4 29. Bf3 Nxc3 30. Rxe7 Nxd1 31. Rxd7 Bd4+ 32. Kh2 Ne3 33. Rg1 Bxb2 34.
Nb1 Ne5 35. Bxe5 Bxe5+ 36. Kh3 Kf8 37. Re1 Nc2 38. Re4 Re7 39. Rxe7 Kxe7 40.
Nd2 b5 41. axb5 axb5 42. Nb3 c4 43. Na5 Nb4 44. g5 hxg5 45. hxg5 Kf8 46. Kg4
Rc8 47. Kf5 Rc5 48. g6 fxg6+ 49. Ke6 Rc7 50. Rxe5 dxe5 51. d6 Ra7 52. Nb7 c3
53. d7 Ra8 54. Nc5 Rb8 55. Kd6 c2 56. Nb3 Rd8 57. Be4 g5 58. Nc1 g4 59. Kc5
Rxd7 0-1

[Event "FRA T I 120102011"]
[Site "FRA"]
[Date "2010.12.11"]
[Round "4.5"]
[White "Lamoureux, Isabelle"]
[Black "Boursier, Julien"]
[Result "0-1"]
[WhiteElo "2107"]
[BlackElo "2076"]
[PlyCount "115"]
[EventDate "2010.10.17"]
[EventType "team-match"]
[EventRounds "9"]
[EventCountry "FRA"]
[Source "FFE"]
[SourceDate "2010.10.29"]

1. e4 e6 2. d4 d5 3. Nd2 dxe4 4. Nxe4 Nd7 5. Nf3 Ngf6 6. Bd3 Be7 7. O-O O-O 8.
Qe2 b6 9. c4 Bb7 10. Bd2 c5 11. Bc3 Qc7 12. Rac1 Qf4 13. Bd2 Qc7 14. dxc5 Nxc5
15. Nxc5 Qxc5 16. Ne5 Qd4 17. Bc3 Qh4 18. b4 Rfd8 19. Rfd1 Qg5 20. f3 Nh5 21.
Qe1 Nf4 22. Bf1 f6 23. h4 Qh5 24. Nd3 Ng6 25. Qxe6+ Kh8 26. Be1 Bf8 27. Bf2
Nxh4 28. Qh3 g5 29. c5 bxc5 30. bxc5 Ba6 31. Bxh4 gxh4 32. Nf4 Rxd1 33. Rxd1
Qxc5+ 34. Kh1 Bxf1 35. Rxf1 Qc4 36. g3 Bd6 37. Nh5 Bxg3 38. Rg1 Qxa2 39. Nxg3
hxg3 40. Rxg3 Rg8 41. Rxg8+ Kxg8 42. Qc8+ Kg7 43. Qg4+ Kf8 44. Qc8+ Ke7 45.
Qc7+ Ke6 46. Qxh7 Qa1+ 47. Kg2 Qb2+ 48. Kg3 Qe5+ 49. Kf2 a5 50. Qg8+ Kd7 51.
Qf7+ Kc6 52. Qb3 Qd4+ 53. Ke2 a4 54. Qe6+ Kb5 55. Qe8+ Kb4 56. Qe7+ Kc3 57.
Qa3+ Kc2 58. Qf8 0-1

[Event "FRA T I 120102011"]
[Site "FRA"]
[Date "2010.11.14"]
[Round "3.5"]
[White "Nelis, Jean Francois"]
[Black "Berouague, Karim"]
[Result "1/2-1/2"]
[WhiteElo "2218"]
[BlackElo "2172"]
[PlyCount "116"]
[EventDate "2010.10.17"]
[EventType "team-match"]
[EventRounds "9"]
[EventCountry "FRA"]
[Source "FFE"]
[SourceDate "2010.10.29"]

1. b3 e5 2. Bb2 Nc6 3. e3 Nf6 4. Bb5 d6 5. Ne2 a6 6. Bxc6+ bxc6 7. O-O Be7 8.
f4 e4 9. c4 O-O 10. Qc2 d5 11. Nd4 c5 12. Nc6 Qd6 13. Nxe7+ Qxe7 14. cxd5 Bb7
15. Bxf6 Qxf6 16. Nc3 Rfe8 17. Na4 Bxd5 18. Nxc5 c6 19. Rac1 a5 20. Qc3 Qd6 21.
Rc2 h5 22. Na4 h4 23. Qc5 Qe6 24. h3 Red8 25. Nb6 Ra6 26. Rfc1 Rb8 27. Nxd5
cxd5 28. Qc7 Raa8 29. Rc6 Qf5 30. Qd6 Rd8 31. Qc5 Kh7 32. Qd4 Rab8 33. R6c5 Rb4
34. Qc3 Rd6 35. Qe5 Qxe5 36. fxe5 Ra6 37. Rxd5 a4 38. bxa4 Raxa4 39. Rc2 Kg6
40. Kf2 Kf5 41. Rc6 Rxa2 42. Ke2 Rb1 43. e6+ Kf6 44. exf7+ Kxf7 45. Rc4 Rg1 46.
Rg5 Kf6 47. Rg4 Raa1 48. Rcxe4 Rge1+ 49. Kd3 Ra3+ 50. Kc4 g5 51. Rd4 Rc1+ 52.
Kd5 Kf5 53. e4+ Kf6 54. e5+ Kf5 55. Ra4 Rd3+ 56. Rgd4 Rb3 57. Ra5 Rb8 58. Ra6
Rb5+ 1/2-1/2

[Event "FRA T I 120102011"]
[Site "FRA"]
[Date "2010.12.11"]
[Round "4.3"]
[White "Abello, Sebastien"]
[Black "Sarthou, Gaetan"]
[Result "0-1"]
[WhiteElo "2307"]
[BlackElo "2360"]
[PlyCount "114"]
[EventDate "2010.10.17"]
[EventType "team-match"]
[EventRounds "9"]
[EventCountry "FRA"]
[Source "FFE"]
[SourceDate "2010.10.29"]

1. d4 d5 2. c4 c6 3. Nf3 Nf6 4. e3 a6 5. Bd3 e6 6. O-O dxc4 7. Bxc4 b5 8. Bb3
Bb7 9. Qe2 c5 10. a4 Qb6 11. axb5 axb5 12. Rxa8 Bxa8 13. dxc5 Bxc5 14. Nc3 b4
15. Na4 Qa5 16. Nxc5 Qxc5 17. Bd2 O-O 18. Rc1 Qa5 19. Qc4 Na6 20. Nd4 Ne4 21.
Be1 Nd6 22. Qe2 Bb7 23. f3 Nc5 24. Qd2 Rd8 25. Qxb4 Qxb4 26. Bxb4 Nd3 27. Ba5
Nxc1 28. Bxd8 e5 29. Bc7 exd4 30. Bxd6 Nxb3 31. exd4 Nxd4 32. Kf2 f6 33. Bc5
Nb3 34. Bb4 Kf7 35. Bc3 Ke6 36. Ke3 Kd5 37. Kd3 Ba6+ 38. Ke3 Ke6 39. Be1 Bc4
40. Bc3 Bd5 41. Kf4 Nc5 42. b4 Nb7 43. Be1 Bc4 44. Ke3 Bf1 45. Kf2 Ba6 46. Ke3
Nd6 47. Kd4 Bf1 48. g4 Be2 49. Ke3 Bd1 50. h3 Kd5 51. f4 f5 52. g5 Ba4 53. h4
Be8 54. Bc3 g6 55. Bf6 Ne4 56. Bg7 Kc4 57. Bh8 Nc3 0-1

[Event "FRA T I 120102011"]
[Site "FRA"]
[Date "2010.12.11"]
[Round "4.1"]
[White "Sermier, Guillaume"]
[Black "Govciyan, Pavel"]
[Result "1/2-1/2"]
[WhiteElo "2402"]
[BlackElo "2438"]
[PlyCount "112"]
[EventDate "2010.10.17"]
[EventType "team-match"]
[EventRounds "9"]
[EventCountry "FRA"]
[Source "FFE"]
[SourceDate "2010.10.29"]

1. e4 e5 2. Nf3 Nc6 3. d4 exd4 4. Nxd4 Bc5 5. Nxc6 Qf6 6. Qd2 dxc6 7. Nc3 Bd4
8. Bd3 Ne7 9. O-O Ng6 10. Kh1 Ne5 11. Be2 Ng4 12. Nd1 h5 13. Qg5 Qxg5 14. Bxg5
Be6 15. c3 Bb6 16. f3 f6 17. Bf4 Ne5 18. Bxe5 fxe5 19. Nf2 Bxf2 20. Rxf2 Rd8
21. Bd1 Rh6 22. Kg1 a6 23. Bb3 Bxb3 24. axb3 g5 25. Re2 Ke7 26. Kf2 Rhd6 27. b4
Rd1 28. Rxd1 Rxd1 29. Re1 Rd2+ 30. Re2 Rd1 31. Re1 Rxe1 32. Kxe1 Kd6 33. Kd2 c5
34. bxc5+ Kxc5 35. Ke3 a5 36. g3 Kd6 37. h4 gxh4 38. gxh4 Ke6 39. Kd3 Kd6 40.
Ke3 Ke6 41. Kd3 c6 42. Kc4 Kd6 43. Kd3 b5 44. Kd2 Ke7 45. Kd3 Kd7 46. Kd2 Kd6
47. Kc2 Kc5 48. Kd3 a4 49. Ke3 Kd6 50. Kd3 c5 51. Kc2 Kc6 52. Kd3 Kb6 53. Kd2
Ka5 54. Kc2 b4 55. c4 b3+ 56. Kc3 Ka6 1/2-1/2

[Event "FRA T I 120102011"]
[Site "FRA"]
[Date "2010.12.11"]
[Round "4.7"]
[White "Gingene, Eric"]
[Black "Podvin, Francois Xavier"]
[Result "1/2-1/2"]
[WhiteElo "2097"]
[BlackElo "1964"]
[PlyCount "107"]
[EventDate "2010.10.17"]
[EventType "team-match"]
[EventRounds "9"]
[EventCountry "FRA"]
[Source "FFE"]
[SourceDate "2010.10.29"]

1. d4 d5 2. c4 Nc6 3. Nf3 Bg4 4. e3 e5 5. Be2 exd4 6. exd4 dxc4 7. O-O Bd6 8.
Nc3 Nf6 9. Be3 O-O 10. Bxc4 h6 11. Be2 a6 12. Rc1 Be6 13. Qd2 Nd5 14. Rfd1 Re8
15. Bd3 Nxc3 16. bxc3 Bd5 17. Be2 Qf6 18. c4 Be4 19. c5 Bf8 20. Bf4 Rac8 21.
Bg3 Rcd8 22. Qc3 Bxf3 23. Bxf3 Nxd4 24. Rd3 Nxf3+ 25. Rxf3 Qxc3 26. Rfxc3 Rd7
27. h3 Re2 28. c6 bxc6 29. Rxc6 Bd6 30. Rd1 Rxa2 31. Bxd6 Rxd6 32. Rcxd6 cxd6
33. Rxd6 Kf8 34. Rd7 a5 35. Ra7 a4 36. f3 g6 37. Kh2 Kg7 38. Ra6 g5 39. Kg3 f6
40. Ra5 Kg6 41. Ra8 a3 42. Ra5 Ra1 43. Kh2 Kf7 44. Ra6 Ke7 45. Kg3 h5 46. Kh2
h4 47. Ra7+ Kd6 48. Ra6+ Ke5 49. Ra4 a2 50. Ra6 Kd4 51. Ra8 Ke3 52. Re8+ Kf2
53. Ra8 f5 54. Ra7 1/2-1/2

[Event "FRA T I 120102011"]
[Site "FRA"]
[Date "2010.12.11"]
[Round "4.5"]
[White "Nass, Emile"]
[Black "Gachet, Sebastien"]
[Result "1-0"]
[WhiteElo "2233"]
[BlackElo "2313"]
[PlyCount "107"]
[EventDate "2010.10.17"]
[EventType "team-match"]
[EventRounds "9"]
[EventCountry "FRA"]
[Source "FFE"]
[SourceDate "2010.10.29"]

1. d4 Nf6 2. Nf3 g6 3. c4 Bg7 4. g3 O-O 5. Bg2 c5 6. O-O cxd4 7. Nxd4 Nc6 8.
Nc3 Qb6 9. Nc2 d6 10. b3 Be6 11. Ne3 Rfd8 12. Bb2 Qa5 13. Qd2 Bh6 14. f4 Rac8
15. Rad1 Bg7 16. Na4 Qh5 17. Bf3 Qh3 18. Bg2 Qh6 19. f5 gxf5 20. Nxf5 Bxf5 21.
Rxf5 Qxd2 22. Rxd2 Bh6 23. Rd3 Nd7 24. Rh5 Bg7 25. Rg5 Nce5 26. Rd1 b6 27. Bh3
Kf8 28. Rxg7 Kxg7 29. Bxd7 Rxd7 30. Bxe5+ f6 31. Bf4 Rc6 32. Nc3 a6 33. a4 Kf7
34. Kf2 e6 35. e4 Ke7 36. Kf3 Rc8 37. Be3 Rb7 38. g4 Rf8 39. Bh6 Rg8 40. Bf4
Rd7 41. h4 Rf8 42. Be3 Rb7 43. Bc1 Rh8 44. g5 Rf8 45. Ke2 Rd7 46. Ba3 fxg5 47.
hxg5 Rg8 48. e5 Rxg5 49. Bxd6+ Kd8 50. Ne4 Rg2+ 51. Kf3 Rb2 52. Rd3 Rf7+ 53.
Ke3 Kc8 54. Ba3 1-0

[Event "FRA T I 120102011"]
[Site "FRA"]
[Date "2010.11.14"]
[Round "3.3"]
[White "Bensdorp, Marlies"]
[Black "Lamoureux, Charles"]
[Result "1/2-1/2"]
[WhiteElo "2274"]
[BlackElo "2263"]
[PlyCount "105"]
[EventDate "2010.10.17"]
[EventType "team-match"]
[EventRounds "9"]
[EventCountry "FRA"]
[Source "FFE"]
[SourceDate "2010.10.29"]

1. d4 Nf6 2. c4 c5 3. d5 e5 4. Nc3 d6 5. e4 Be7 6. g3 Nbd7 7. Bg2 Nf8 8. Nge2
h5 9. h4 a6 10. a4 Bd7 11. Bd2 Qc8 12. a5 Bd8 13. Na4 Ng6 14. Rc1 b5 15. axb6
a5 16. Nec3 Qa6 17. Qb3 O-O 18. Ra1 Be8 19. Nb5 Bxb5 20. Qxb5 Qxb5 21. cxb5 Nd7
22. Bh3 Nxb6 23. Ke2 Ra7 24. Nxb6 Bxb6 25. Ra4 Rfa8 26. Rha1 Kf8 27. f3 Ke8 28.
Kd3 Nf8 29. b3 Kd8 30. Kc4 Kc7 31. Rf1 Kb7 32. Rfa1 Bd8 33. R1a2 Kb6 34. Ra1
Nh7 35. Be3 Nf6 36. R1a2 Ne8 37. Ra1 Nc7 38. Bd7 Nxd5 39. exd5 Rxd7 40. b4 Kb7
41. bxa5 f5 42. Bd2 Rf7 43. Kd3 Ka7 44. Rb1 Rb8 45. Rb3 Rfb7 46. Kc4 Rf7 47.
Kd3 Rfb7 48. Kc4 Rf7 49. Ra1 Bf6 50. Re1 Bd8 51. Reb1 Bf6 52. Re1 Bd8 53. Reb1
1/2-1/2

[Event "FRA T I 120102011"]
[Site "FRA"]
[Date "2010.12.11"]
[Round "4.4"]
[White "Oliveira, Sancho"]
[Black "Cavillon, Fabien"]
[Result "1/2-1/2"]
[WhiteElo "2230"]
[BlackElo "2140"]
[PlyCount "104"]
[EventDate "2010.10.17"]
[EventType "team-match"]
[EventRounds "9"]
[EventCountry "FRA"]
[Source "FFE"]
[SourceDate "2010.10.29"]

1. e4 e6 2. d4 d5 3. Nc3 Nf6 4. e5 Nfd7 5. f4 c5 6. Nf3 Nc6 7. Be3 Be7 8. dxc5
O-O 9. Be2 Bxc5 10. Nd4 Qb6 11. Na4 Qa5+ 12. c3 Bxd4 13. Bxd4 b5 14. Nc5 b4 15.
Nb3 Qa4 16. O-O Ba6 17. Bxa6 Qxa6 18. Nc5 Nxc5 19. Bxc5 bxc3 20. bxc3 Rfe8 21.
Rf3 Rab8 22. Rg3 Ne7 23. Rf3 Rb2 24. Rf2 Rxf2 25. Bxf2 Rc8 26. Qd4 Nc6 27. Qe3
Qa3 28. Rf1 Ne7 29. Qxa7 Qxa7 30. Bxa7 Rxc3 31. a4 Nc6 32. Bb6 g5 33. fxg5 Rb3
34. Bc7 Ra3 35. a5 Nxa5 36. Bd8 Kg7 37. g4 Nc6 38. Bf6+ Kg6 39. Kg2 Ra2+ 40.
Kg3 Ra3+ 41. Rf3 Rxf3+ 42. Kxf3 h5 43. gxh6 Kxh6 44. Kf4 Nd4 45. h4 Ne2+ 46.
Ke3 Nc3 47. Bg5+ Kg6 48. Be7 Ne4 49. Kf4 Kh7 50. h5 Kh6 51. Bf8+ Kh7 52. Be7
Kg7 1/2-1/2